Teams for UEFA Women's Euros 2025 - Statistics

General Stats
  • This quiz has been taken 108 times
  • The average score is 15 of 16
Answer Stats
Answer % Correct
England
100%
France
100%
Germany
100%
Sweden
100%
Norway
99%
Spain
99%
Switzerland
97%
Denmark
96%
Finland
96%
Belgium
93%
Netherlands
93%
Portugal
93%
Wales
92%
Italy
91%
Iceland
87%
Poland
86%
No matching quizzes found
Score Distribution
Percent of People with Each Score
Percentile by Number Answered
Your Score History
You have not taken this quiz